Les meilleurs buteurs de chaque édition de l'Euro - Statistiques

Statistiques générales
  • Ce quiz a été pris 42 fois
  • Le résultat moyen est 15 sur 38
Statistiques - réponses
Année Pays Réponse % Correct
2012 Portugal Cristiano Ronaldo
98%
2020 Portugal Cristiano Ronaldo
98%
2016 France Antoine Griezmann
95%
2024 Angleterre Harry Kane
95%
1976 Allemagne de l'Ouest Dieter Müller
83%
1972 Allemagne Gerd Müller
83%
1984 France Michel Platini
83%
2024 Géorgie Georges Mikautadze
80%
2024 Espagne Dani Olmo
73%
2008 Espagne David Villa
73%
2012 Espagne Fernando Torres
73%
2024 Allemagne Jamal Musiala
73%
2024 Pays-bas Cody Gakpo
63%
1988 Pays-bas Marco Van Basten
55%
2020 Tchéquie Patrik Schick
55%
2012 Croatie Mario Mandzukic
53%
2012 Italie Mario Balotelli
48%
2012 Allemagne Mario Gomez
48%
2000 Pays-bas Patrick Kluivert
35%
1996 Angleterre Alan Shearer
33%
1992 Pays-bas Dennis Bergkamp
25%
2004 Tchéquie Milan Baros
23%
2024 Slovaquie Ivan Schranz
18%
2012 Russie Alan Dzagoïev
3%
1964 Hongrie Dezsö Novak
0%
1968 Yougoslavie Dragan Dzajic
0%
1960 Yougoslavie Drazan Jerkovic
0%
1964 Hongrie Ferenc Bene
0%
1960 France François Heutte
0%
1992 Danemark Henrik Larsen
0%
1964 Espagne Jesus Maria Pereda
0%
1992 Allemagne Karl-Heinz Riedle
0%
1980 Allemagne de l'Ouest Klaus Allofs
0%
1960 Yougoslavie Milan Galic
0%
2000 Yougoslavie Savo Milosevic
0%
1992 Suède Tomas Brolin
0%
1960 URSS Valentin Ivanov
0%
1960 URSS Viktor Ponedelnik
0%
Aucun quiz correspondant
Distribution des résultats
% des personnes avec chaque résultat
Percentile par nombre de réponses
Votre historique - résultats
Vous n’avez pas pris ce quiz